Um casal surreal (Record no. 45005)

MARC details
000 -Etiqueta do registo
Valores 00443nam a2200157 4500
100 ## - Dados gerais de processamento
Dados gerais 20251022 pory50
101 ## - Língua de publicação
Língua por
-- ing
102 ## - País de publicação
País PT
200 ## - Titulo e menção de responsabilidade
Título próprio Um casal surreal
Primeira menção de responsabilidade realiz. Tom Cairns
Outras menções de responsabilidade arg. Wallace Shawn
-- act.s: Julianne Moore , Matthew Broderick
210 ## - Publicação
Local de publicação [S.l.]
Nome do editor dist. Valentim de Carvalho Multimédia
Data de publicação 2008
215 ## - Descrição física 
Paginação / Volumes 1 DVD
675 ## - CDU
Notação 82-341
801 ## - Fonte de origem
País PT
Regras de catalogação RPC
990 ## - Elementos KOHA
Tipo de documento Filme DVD
Holdings
Aquisição Empréstimo Código de barras Cota Permissão de empréstimo Tipo de documento Nota relativa ao exemplar
Biblioteca Escolar Doutor Hernâni Cidade Biblioteca Escolar Doutor Hernâni Cidade 81108 COM ROM CAI   Filme DVD 559 Filme «Comédia Romântica»

Powered by Koha